000
00297 a2200157 4500
001
172508
020
_a
040
_c
Magnum
100
_a
Almeida, Zelia
240
1
0
_a
Fura-chao
_l
por
245
1
0
_a
Fura-chao
362
0
_a
1899
440
1
_a
Dimensão
697
_a
I/ANIMAIS
942
_c
BK
999
_c
172508
_d
172508